<Die> wirtschaftliche Lage Weissrusslands Fehlende Reformen gefährden geldpolitischen Kurswechsel
Salvato in:
| Natura: | Libro |
|---|---|
| Lingua: | tedesco |
| Pubblicazione: |
Kiel
Institut für Weltwirtschaft
1995
|
| Edizione: | 1. Aufl. |
| Serie: | Kieler Diskussionsbeiträge
260 |
| Soggetti: | |
| Tags: |
Nessun Tag, puoi essere il primo ad aggiungerne!!
|
MARC
| LEADER | 00000nam a2200000 4500 | ||
|---|---|---|---|
| 001 | c012702 | ||
| 005 | 20221205133730.3 | ||
| 020 | |a 3-89456-107-6 | ||
| 041 | 0 | |a ger | |
| 044 | |a DE | ||
| 245 | 1 | 0 | |a <Die> wirtschaftliche Lage Weissrusslands |b Fehlende Reformen gefährden geldpolitischen Kurswechsel |
| 250 | |a 1. Aufl. | ||
| 264 | 1 | |a Kiel |b Institut für Weltwirtschaft |c 1995 | |
| 300 | |a 24 s. | ||
| 490 | 1 | |a Kieler Diskussionsbeiträge |v 260 | |
| 830 | 0 | |a Kieler Diskussionsbeiträge |v 260 | |
| 610 | 2 | 0 | |a situácia hospodárska |
| 610 | 2 | 0 | |a rozvoj hospodársky |
| 610 | 2 | 0 | |a politika finančná |
| 610 | 2 | 0 | |a politika peňažná |
| 610 | 2 | 0 | |a úver |
| 610 | 2 | 0 | |a kurz výmenný |
| 610 | 2 | 0 | |a privatizácia |
| 610 | 2 | 0 | |a vzťahy hospodárske medzinárodné |
| 610 | 2 | 0 | |a trh práce |
| 610 | 2 | 0 | |a Bielorusko |